Ramus. Method, and the Decay of Dialogue. From the art of discourse to the art of reason.
Sparad:
| Huvudupphovsman: | |
|---|---|
| Övriga upphovsmän: | |
| Materialtyp: | Bok |
| Språk: | engelska |
| Publicerad: |
Chicago, USA:
The University of Chicago Press,
2004.
|
| Ämnen: | |
| Taggar: |
Lägg till en tagg
Inga taggar, Lägg till första taggen!
|
MARC
| LEADER | 00000nam a22000007a 4500 | ||
|---|---|---|---|
| 003 | CL-VaPUC | ||
| 005 | 20221026121132.0 | ||
| 008 | 220725t2004 ||||| |||| 00| 0 eng d | ||
| 999 | |c 437525 |d 437523 | ||
| 020 | |a 0-226-62976-7 | ||
| 040 | |c Pontificia Universidad Católica de Valparaíso | ||
| 082 | 7 | |a 194 ONG 2004 |2 22 | |
| 100 | |a Ong, Walter J. |e author |9 877981 | ||
| 245 | |a Ramus. |b Method, and the Decay of Dialogue. From the art of discourse to the art of reason. | ||
| 260 | |a Chicago, USA: |b The University of Chicago Press, |c 2004. | ||
| 300 | |a 408 páginas. | ||
| 500 | |a c.1 Donación Familia Prof. Alejandro Guzmán Brito. | ||
| 583 | |c 20220725 |k Cristina María Rojas Aguilar | ||
| 600 | 0 | |a Ramus, Petrus, |9 869338 |d 1515-1572. | |
| 650 | |a Lógica |9 256849 | ||
| 700 | |a Johns, Adrian |e foreword |9 873859 | ||
| 942 | |2 ddc |c BK |n 0 | ||
| 952 | |0 0 |1 0 |2 ddc |4 0 |6 194_000000000000000_ONG_2004 |7 1 |8 C_AGB |9 585296 |a BIBDER |b BIBDER |d 2022-07-25 |e Donación |i 5653331 |o 194 ONG 2004 |p 5653331 |r 2023-01-25 |t 1 |w 2022-07-25 |y BK_US |k AGB | ||